<?xml version="1.0" encoding="UTF-8"?><?xml-stylesheet type="text/xsl" href="static/style.xsl"?><OAI-PMH xmlns="http://www.openarchives.org/OAI/2.0/" xmlns:xsi="http://www.w3.org/2001/XMLSchema-instance" xsi:schemaLocation="http://www.openarchives.org/OAI/2.0/ http://www.openarchives.org/OAI/2.0/OAI-PMH.xsd"><responseDate>2026-04-14T02:55:03Z</responseDate><request verb="GetRecord" identifier="oai:www.recercat.cat:10459.1/466182" metadataPrefix="marc">https://recercat.cat/oai/request</request><GetRecord><record><header><identifier>oai:recercat.cat:10459.1/466182</identifier><datestamp>2025-09-16T05:04:41Z</datestamp><setSpec>com_2072_3622</setSpec><setSpec>col_2072_478537</setSpec></header><metadata><record xmlns="http://www.loc.gov/MARC21/slim" xmlns:dcterms="http://purl.org/dc/terms/" xmlns:xsi="http://www.w3.org/2001/XMLSchema-instance" xmlns:doc="http://www.lyncode.com/xoai" xsi:schemaLocation="http://www.loc.gov/MARC21/slim http://www.loc.gov/standards/marcxml/schema/MARC21slim.xsd">
   <leader>00925njm 22002777a 4500</leader>
   <datafield ind2=" " ind1=" " tag="042">
      <subfield code="a">dc</subfield>
   </datafield>
   <datafield ind2=" " ind1=" " tag="720">
      <subfield code="a">Serra Casals, Joel</subfield>
      <subfield code="e">author</subfield>
   </datafield>
   <datafield ind2=" " ind1=" " tag="260">
      <subfield code="c">2024-06</subfield>
   </datafield>
   <datafield ind2=" " ind1=" " tag="520">
      <subfield code="a">L’objectiu principal del treball és el dimensionament d’una instal·lació frigorífica industrial per a la conservació de fruita, ara bé, per arribar en aquest objectiu final s’han de complir moltes altres metes i igual d’importants. En aquest cas la instal·lació frigorífica se simularà en un edifici/magatzem de nova construcció, per tant, es té com a objectiu la ubicació de l’edifici, el dimensionament de la nau industrial juntament amb la seva distribució i amb la grandària de les càmeres frigorífiques. També cal no oblidar l’aïllament necessari i els tancaments adequats. Una vegada tenim la nau industrial de nova construcció dissenyada i ubicada, com a segon objectiu, cal calcular la potència frigorífica necessària per a la instal·lació; això implica al tercer i quart objectius, els quals són la selecció del tipus d’instal·lació de
refrigeració i la selecció dels components necessaris per a la instal·lació frigorífica. El cinquè objectiu és l’elecció del refrigerant que estarà condicionat per les normatives europees actuals i l’eficiència d’aquest. A més a més, també es farà un petit estudi dels manteniments necessaris per a la instal·lació, en aquest cas els principals objectius serien en el manteniment del gas refrigerant, dels equips i si és el cas, en els tractaments d’aigua que s’utilitzaria per a la instal·lació de fred. Per últim, també es té previst la realització d’un pressupost orientatiu de la instal·lació amb els components seleccionats amb anterioritat.</subfield>
   </datafield>
   <datafield tag="653" ind2=" " ind1=" ">
      <subfield code="a">Enginyeria mècanica</subfield>
   </datafield>
   <datafield tag="653" ind2=" " ind1=" ">
      <subfield code="a">Aïllament</subfield>
   </datafield>
   <datafield tag="653" ind2=" " ind1=" ">
      <subfield code="a">Càrregues tèrmiques</subfield>
   </datafield>
   <datafield tag="653" ind2=" " ind1=" ">
      <subfield code="a">Refrigerant</subfield>
   </datafield>
   <datafield tag="653" ind2=" " ind1=" ">
      <subfield code="a">Refrigeració i màquines frigorífiques</subfield>
   </datafield>
   <datafield ind2="0" ind1="0" tag="245">
      <subfield code="a">Dimensionament de cambres frigorífiques per a fruita</subfield>
   </datafield>
</record></metadata></record></GetRecord></OAI-PMH>